| 000 | 00929nam a2200229Ia 4500 | ||
|---|---|---|---|
| 003 | Ost | ||
| 005 | 20260507075136.0 | ||
| 008 | 260507s9999||||xx |||||||||||||| ||und|| | ||
| 020 | _a×566009948 | ||
| 040 | _cfsecg | ||
| 041 | _aara | ||
| 082 | _a330 | ||
| 100 | _eمؤلف | ||
| 245 | 0 | _aتنمية الموارد البشرية في إقتصاد مبني على المعرفة / | |
| 260 |
_aأبو ظبي: _bمركز الإمارات للدراسات والبحوث الإستراتيجية, _c2004 |
||
| 300 |
_a414 صفحة؛ _bإيضاحات ؛ _c24 سم |
||
| 520 | _aالرؤى والإحتمالات المستقبيلية- الحكومات والإستراتيجية القومية- تنمية الموارد البشرية- نماذج النجاح التنظيمي. | ||
| 653 | _aالإقتصاد | ||
| 653 | _aالتنمية البشرية | ||
| 653 | _aالموارد البشرية | ||
| 942 | _cكتاب | ||
| 999 |
_c43269 _d43269 |
||